00390nam a2200121Ia 4500008004100000020002200041041000800063082002400071100004700095245009000142260002800232300000800260230411s9999 xx 000 0 und d a978-81-945700-5-9 aeng aF/610.73/VEN/B09602 aVenkatesan B Azhagesan C & Shanmugapriya C aComprehensive Textbook on Nursing Foundation for General Nursing and Midwifery Course bEMMESSaBangalorec2020 a412